| 000 | 00666nam a2200205 a 4500 | ||
|---|---|---|---|
| 005 | 20210223130754.0 | ||
| 008 | 081103s1985 mx r 000 0 spa d | ||
| 035 | _aUPN01000164810 | ||
| 049 | _aUNE | ||
| 080 | _a372.3 (510) =20 PIY No.159. | ||
| 100 | 1 | _aPiya-Ajariya, Laeka | |
| 245 | 1 | 0 |
_aPre-school education in China today : _bpersonel impressions of a thai educator / _cby Laeka Piya-Ajariya. |
| 260 |
_aParÃs : _bUNESCO ; _aNew York : _bUNICEF, _c1985. |
||
| 300 | _a16 p. | ||
| 440 | 0 |
_aNotes, comments... ; _v159 |
|
| 690 | _aEducacion preescolar - China | ||
| 710 | 2 |
_aUNICEF _924085 |
|
| 710 | 2 | _aPrograma de Alimentación Mundial | |
| 905 | _aUNESCO | ||
| 999 |
_c136922 _d136922 |
||